| 000 | 00494nam a2200157Ia 4500 | ||
|---|---|---|---|
| 008 | 230907s9999||||xx |||||||||||||| ||und|| | ||
| 082 |
_a621.3 _bUZA |
||
| 100 |
_aMuhammad Uzair Khalid (00000277520) _9116759 |
||
| 245 | 0 | _aFault Analysis and Protection of DFIG Converters In a Wind Farm / | |
| 260 |
_aUSPCAS-E, NUST, _bIslamabad : _c2022 |
||
| 300 | _axii, 57 p. | ||
| 520 | _aTH-425 | ||
| 650 | _aMS-EEP Thesis MS Thesis | ||
| 700 |
_aDr Hassan Abdullah Khalid _928912 |
||
| 942 |
_cTHE _2ddc |
||
| 999 |
_c602103 _d602103 |
||